| 000 | 00357nam a2200145Ia 4500 | ||
|---|---|---|---|
| 008 | 230917s9999||||xx |||||||||||||| ||und|| | ||
| 040 |
_e13667 _aMAIN |
||
| 041 | _aEnglish | ||
| 082 | _a338.544 G914B | ||
| 100 | _aGross, Charler W | ||
| 245 | 0 | _aBusiness forcasting | |
| 260 |
_aAtlanta _bHoughton Mifflin _c1976 |
||
| 300 | _axiii, 314 p. | ||
| 942 | _cBK | ||
| 999 |
_c191145 _d191145 |
||